Ergonomická analýza vo vybraných prevádzkach podniku BOHUŠ s.r.o. = The ergonomic analysis in chosen operations of the company BOHUŠ ltd : Diplomová práca

Na minha lista:
Detalhes bibliográficos
Autor principal: Maruškinová, Danica (Author)
Outros Autores: Hatiar, Karol, 1949- (xxx)
Formato: Manuscrito Livro
Idioma:eslovaco
Publicado em: Trnava : STU v Bratislave MTF UPMK, 2009
Assuntos:
Tags: Adicionar Tag
Sem tags, seja o primeiro a adicionar uma tag!

MARC

LEADER 00000ntm a22000003a 4500
001 stu180783
005 20160719154509.6
008 090227s2009----xo------------------slo-d
040 |a STU  |b slo 
041 0 |a slo 
044 |a xo 
100 1 |a Maruškinová, Danica  |4 aut 
245 1 |a Ergonomická analýza vo vybraných prevádzkach podniku BOHUŠ s.r.o. = The ergonomic analysis in chosen operations of the company BOHUŠ ltd :  |b Diplomová práca 
260 |a Trnava :  |b STU v Bratislave MTF UPMK,  |c 2009 
300 |a 94 s  |c príl (1 CD-ROM) 
500 |a Študijný program: priemyselné manažérstvo 
500 |a Študijný odbor: 5.2.52 priemyselné inžinierstvo 
650 7 |a ergonómia  |2 stusub 
650 7 |a ergonomické programy  |2 stusub 
700 1 |a Hatiar, Karol,  |d 1949-  |4 xxx  |u M4000  |U MTF Materiálovotechnologická fakulta  |T MTF Ústav priemyselného inžinierstva a manažmentu  |X 326  |U M4000  |Y 84  |7 A000000326 
700 1 |a Bachňák, Peter  |4 csl 
996 |b 284M069793  |c M*DP-7610  |l MMSKP  |s P  |a 0  |w stu180783_0001